LEADER 01032nam a2200289 i 4500 001 991000739599707536 005 20020503200909.0 008 970915s1992 it ||| | ita 020 $a8820434792 035 $ab10122102-39ule_inst 035 $aLE02521395$9ExL 040 $aFac. Economia$bita 082 0 $a338.4791 082 0 $a380.1 100 1 $aSavelli, Asterio$0127894 245 10$aSociologia del turismo /$cAsterio Savelli 260 $aMilano :$bF. Angeli Fra,$c1992 300 $a379 p. ;$c22 cm. 490 0 $aCollana di studi e ricerche sul turismo [FrancoAngeli] ;$v12 500 $aIn cop.: Centro italiano di studi superiori sul turismo, Assisi. 650 4$aTurismo 907 $a.b10122102$b17-02-17$c27-06-02 912 $a991000739599707536 945 $aLE025 ECO 306 SAV01.01$g1$i2025000032002$lle025$nCatalogato 2018$o-$pE0.00$q-$rl$s- $t0$u6$v21$w6$x0$y.i10143269$z27-06-02 996 $aSociologia del turismo$965650 997 $aUNISALENTO 998 $ale025$b01-01-97$cm$da $e-$fita$git $h0$i1